000 00182nam a2200085Ia 4500
008 180219s9999 xx 000 0 und d
100 _aSingh V P
245 0 _aShikshik Prodyogy
260 _aR Lal
260 _c2014
999 _c42436
_d42436